| 000 | 03419nam a2200301Ia 4500 | ||
|---|---|---|---|
| 003 | CO-CtgCURN | ||
| 005 | 20251108154407.0 | ||
| 008 | 190724s1996 xx 000 0 und d | ||
| 020 | _a9586162974 | ||
| 040 |
_aCO-CtgCURN _bspa _ccoctgcurn |
||
| 082 |
_a573.2 _bR763 |
||
| 100 |
_aRomeo Casabona, Carlos María _eautor |
||
| 245 | 0 |
_aDel gen al derecho / _cCarlos María Romeo Casabona; prólogo., Federico Mayor |
|
| 250 | _a1 edición | ||
| 260 |
_aBogotá, Colombia : _bUniversidad Externado de Colombia, _c1996 |
||
| 300 |
_a495 páginas : _bilustraciones ; _c21 centímetros |
||
| 490 |
_aColección de Publicaciones del Centro de Estudios sobre Genética y derecho ; _v2 |
||
| 500 | _aIncluye introducción, prólogo e índice | ||
| 504 | _aIncluye referencias bibliográficas | ||
| 505 | _aCap. I. Introducción: las investigaciones sobre el genoma humano y sus implicaciones para el derecho -- 1. Justificación y propósito de la obra -- 2. Los proyectos de investigación sobre el genoma humano: organización y objetivos -- Las bases científicas del proyecto -- El proyecto genoma humano: panorama -- 3. El método de aproximación a las cuestiones jurídicas que plantea la genética humana -- 4. Las perspectivas en el ámbito internacional -- 5. Breve panorama sobre el instrumental normativo existente en los derechos internacional, comparado y español -- Cap. II. Información genética: obtención, acceso y utilización -- 1. La información genética: nuevo peculiar objeto material de tutela jurídica -- 2. Protección de la intimidad y datos genéticos -- 3. La utilización de análisis genéticos en las relaciones laborales -- 4. Análisis genéticos y contrato de seguros de vida o de enfermedad -- 5. Identificaciones genéticas y administración de justicia -- 6. Comportamiento criminal y herencia genética -- Cap. III. Aplicaciones genéticas en el ámbito de la salud -- 1. El consejo genético -- Las pruebas y los diagnósticos genéticos -- 3. La terapia génica -- 4. La terapia prenatal -- Cap. IV. Prácticas de eugenesia -- 1. Las corrientes eugenésicas y su influencia -- 2. La nueva eugenesia y sus interferencias -- 3. Autonomía reproductiva y prácticas de eugenesia negativa -- Cap. V. La investigación y la experimentación en genética -- 1. La investigación sobre el genoma humano -- 2. La investigacion genetica clinica -- 3. La experimentacion genetica con embriones y fetos humanos y la necesidad de un estatuto jurídico para los mismos -- Cap. VI. Biotecnología: límites y protección jurídica -- 1. La utilización de microorganismos modificados genéticamente en la investigación y en la industria -- 2. La cuestión de la protección jurídica de los descubrimientos genéticos -- Cap. VII. Mecanismos de control y de protección: responsabilidad jurídica -- 1. Principios básicos del control jurídico de las prácticas genéticas y la biotecnología -- 2. Responsabilidad civil. Errores en los diagnósticos genéticos antenatales -- 3. Infracciones y sanciones administrativas -- 4. Responsabilidad penal: necesidades de politica criminal. | ||
| 521 | _aAREA BASICA | ||
| 590 | _aPrograma de Derecho_18 | ||
| 650 | _aÉtica médica | ||
| 650 | _aProyecto de genoma humano | ||
| 700 |
_aMayor, Federico _eprólogo |
||
| 942 |
_cBK _h573.2 _iR763 _2ddc |
||
| 999 |
_c30072 _d30072 |
||